|
|
|
|
| LEADER |
00759nab a2200205 i 4500 |
| 001 |
acta10505 |
| 005 |
20240509103821.0 |
| 008 |
161015s1934 hu o 000 hun d |
| 022 |
|
|
|a 0324-5411
|
| 040 |
|
|
|a SZTE Egyetemi Kiadványok Repozitórium
|b hun
|
| 041 |
|
|
|a hun
|
| 100 |
1 |
|
|a Mészöly Gedeon
|
| 245 |
1 |
0 |
|a Setälä Emil
|h [elektronikus dokumentum] /
|c Mészöly Gedeon
|
| 260 |
|
|
|c 1934
|
| 300 |
|
|
|a 113
|
| 490 |
0 |
|
|a Acta litterarum ac scientiarum Regiae Universitatis Francisco-Josephinae : sectio philologico-historica
|
| 650 |
|
4 |
|a Bölcsészettudományok
|
| 650 |
|
4 |
|a Nyelvek és irodalom
|
| 695 |
|
|
|a Eemil Nestor Setälä, Nyelvtudomány - finn - 19-20. sz.
|
| 856 |
4 |
0 |
|u http://acta.bibl.u-szeged.hu/10505/1/philologica_006_113.pdf
|z Dokumentum-elérés
|